[Event "Tseshkovsky Mem 2014"]
[Site "Sochi RUS"]
[Date "2014.09.23"]
[Round "7.46"]
[White "Abrosimov, Nikolay"]
[Black "Gasparyan, Daniel"]
[Result "0-1"]
[WhiteElo "1877"]
[BlackElo "1820"]
[WhiteFideId "4169476"]
[BlackFideId "34197874"]
[EventDate "2014.09.17"]

1. c4 Nf6 2. Nc3 c5 3. Nf3 g6 4. e3 Bg7 5. d4 O-O 6. Be2 cxd4 7. exd4 d5 8. c5
Nc6 9. Bf4 Nh5 10. Be3 Nf6 11. h3 b6 12. cxb6 axb6 13. O-O Ne4 14. a3 Nxc3 15.
bxc3 Ba6 16. a4 Na5 17. Nd2 Qd7 18. Bxa6 Rxa6 19. Qe2 Rfa8 20. Rfb1 Qc7 21. Qf3
Nc4 22. Nxc4 dxc4 23. Qe2 e6 24. Rb2 Qc6 25. Rba2 Rxa4 26. Rxa4 Rxa4 27. Rb1 Bf8
28. Bf4 b5 29. Qe5 b4 30. cxb4 Rxb4 31. Rxb4 Bxb4 32. Qb8+ Bf8 33. Bh6 Qd6 34.
Qc8 c3 35. Bxf8 Qxf8 36. Qxc3 Qb8 37. Qc5 Kg7 38. g3 Qb1+ 39. Kh2 Qe4 40. h4 Qf3
41. Qe5+ Qf6 42. Qe3 Qf5 43. Kg2 h5 44. Qe5+ Qxe5 45. dxe5 f6 46. f4 fxe5 47.
fxe5 Kh6 48. Kf3 g5 49. Ke3 Kg6 50. Ke4 Kh6 51. Kd4 Kg6 52. Kc5 Kf5 53. hxg5
Kxg5 54. Kc6 Kg4 55. Kd6 Kf5 0-1

[Event "Tseshkovsky Mem 2014"]
[Site "Sochi RUS"]
[Date "2014.09.23"]
[Round "7.47"]
[White "Karapetian, Albert"]
[Black "Esipenko, Aleksandr"]
[Result "1-0"]
[WhiteElo "1967"]
[BlackElo "1633"]
[WhiteFideId "24156698"]
[BlackFideId "34125911"]
[EventDate "2014.09.17"]

1. d4 Nf6 2. Nf3 g6 3. g3 Bg7 4. Bg2 d6 5. O-O O-O 6. Nbd2 Nbd7 7. e4 e5 8. dxe5
dxe5 9. b3 a5 10. Bb2 Qe7 11. Qe2 b6 12. Rfe1 Ba6 13. c4 Rfd8 14. Rad1 Ne8 15.
Nb1 Nd6 16. Nc3 Bb7 17. Nd5 Bxd5 18. exd5 Re8 19. Bh3 f5 20. Nd4 Nc5 21. Nc6 Qf8
22. Nxe5 Nde4 23. f4 Qd6 24. Qc2 Na6 25. Re2 a4 26. Nc6 Qc5+ 27. Kf1 Bxb2 28.
Qxb2 a3 29. Qa1 Nb4 30. Nd4 Qe7 31. Ne6 Na6 32. Bg2 Nac5 33. Bxe4 Nxe4 34. Qe5
Rac8 35. g4 Qf7 36. gxf5 1-0

[Event "Tseshkovsky Mem 2014"]
[Site "Sochi RUS"]
[Date "2014.09.23"]
[Round "7.48"]
[White "Kutovoi, Valery"]
[Black "Khristenko, Anna"]
[Result "0-1"]
[WhiteElo "1813"]
[BlackElo "1605"]
[WhiteFideId "34113131"]
[BlackFideId "24173886"]
[EventDate "2014.09.17"]

1. e4 d5 2. exd5 Qxd5 3. d4 c6 4. Nc3 Qd6 5. Nf3 Bg4 6. Be2 Nf6 7. O-O e6 8. h3
Bh5 9. Qd3 Bg6 10. Qd1 h6 11. Ne5 Bh7 12. Bf4 Qb4 13. Rb1 Nbd7 14. a3 Qe7 15.
Nc4 Qd8 16. Bd6 Nb6 17. Bxf8 Rxf8 18. Ne5 Qc7 19. Bd3 Bxd3 20. Qxd3 O-O-O 21.
Qe3 Nfd5 22. Nxd5 Nxd5 23. Qb3 Nf4 24. c3 Qe7 25. Nf3 h5 26. Rfe1 g5 27. Re4 f5
28. Re5 g4 29. hxg4 hxg4 30. Ne1 Rh8 31. g3 Qh7 0-1

[Event "Tseshkovsky Mem 2014"]
[Site "Sochi RUS"]
[Date "2014.09.23"]
[Round "7.49"]
[White "Tvelov, Boris"]
[Black "Vorushilo, Alena"]
[Result "1-0"]
[WhiteElo "1795"]
[BlackElo "1592"]
[WhiteFideId "24180920"]
[BlackFideId "34132284"]
[EventDate "2014.09.17"]

1. e4 c5 2. Nf3 d6 3. d4 cxd4 4. Nxd4 Nf6 5. Nc3 g6 6. Bc4 Bg7 7. f3 O-O 8. Be3
Nc6 9. Qd2 Bd7 10. h4 Rb8 11. O-O-O Ne5 12. Bb3 b5 13. g4 Nc4 14. Qf2 Nxe3 15.
Qxe3 a5 16. e5 dxe5 17. Ndxb5 Qc8 18. a4 Be6 19. g5 Nh5 20. Nd5 Bxd5 21. Rxd5
Qb7 22. Rhd1 Qb6 23. Qxb6 Rxb6 24. Rd7 e6 25. Ra7 Nf4 26. Rdd7 Ng2 27. Nd6 e4
28. fxe4 Nxh4 29. Nxf7 Rc8 30. Nd6 Rxd6 31. Rxd6 Re8 32. Bxe6+ Kh8 33. Bd5 Rb8
34. Rdd7 Bxb2+ 35. Kd1 1-0

[Event "Tseshkovsky Mem 2014"]
[Site "Sochi RUS"]
[Date "2014.09.24"]
[Round "8.1"]
[White "Jobava, Baadur"]
[Black "Korneev, Oleg"]
[Result "1-0"]
[WhiteTitle "GM"]
[BlackTitle "GM"]
[WhiteElo "2708"]
[BlackElo "2581"]
[WhiteFideId "13601520"]
[BlackFideId "4156803"]
[EventDate "2014.09.17"]

1. d4 d5 2. Nc3 Nf6 3. Bf4 e6 4. e3 Bb4 5. Bd3 c5 6. dxc5 Nbd7 7. Ne2 O-O 8. Bd6
Re8 9. Bb5 a6 10. Bxd7 Nxd7 11. Qd4 Qa5 12. O-O-O Bxc5 13. Bxc5 Qxc5 14. e4 Qxd4
15. Nxd4 dxe4 16. Nxe4 Nf6 17. Nxf6+ gxf6 18. Ne2 e5 19. Nc3 Be6 20. Nd5 Bxd5
21. Rxd5 Kg7 22. Rhd1 Re6 23. Rd7 b5 24. R1d6 Rae8 25. Kd2 f5 26. b3 f4 27. g3
fxg3 28. hxg3 b4 29. c3 bxc3+ 30. Kxc3 h5 31. b4 e4 32. a4 e3 33. fxe3 Rxe3+ 34.
Rd3 Rxd3+ 35. Rxd3 Re6 36. b5 axb5 37. axb5 Re4 38. b6 Re6 39. b7 Rb6 40. Rd7
Rb1 41. Kc4 Kg6 42. Kc5 Kg5 43. Rxf7 Kg4 44. Rf4+ Kxg3 45. Rb4 1-0

[Event "Tseshkovsky Mem 2014"]
[Site "Sochi RUS"]
[Date "2014.09.24"]
[Round "8.2"]
[White "Panarin, Mikhail"]
[Black "Rakhmanov, Aleksandr"]
[Result "1/2-1/2"]
[WhiteTitle "GM"]
[BlackTitle "GM"]
[WhiteElo "2555"]
[BlackElo "2626"]
[WhiteFideId "4153251"]
[BlackFideId "4173708"]
[EventDate "2014.09.17"]

1. e4 c5 2. Nf3 Nf6 3. e5 Nd5 4. d4 cxd4 5. Qxd4 e6 6. g3 Nc6 7. Qe4 d6 8. Bg2
Be7 9. O-O dxe5 10. Nxe5 Nxe5 11. Qxe5 Bf6 12. Qe2 O-O 13. Nd2 Qc7 14. c4 Ne7
15. Rd1 Rd8 16. Ne4 Bd4 17. Ng5 Nf5 18. Bf4 Qe7 19. Nf3 Bb6 20. Rxd8+ Qxd8 21.
Rd1 Qf8 22. g4 Ne7 23. Bd6 Qe8 24. Nd4 Nc6 25. c5 Nxd4 26. Rxd4 Bd8 27. Rb4 a5
28. Qb5 Qxb5 29. Rxb5 Ra6 30. Bb8 Ra8 31. Bf4 g5 32. Bd2 Ra7 33. c6 bxc6 34.
Bxc6 Rc7 35. Bf3 Ba6 36. Rxa5 Rc2 37. Rxa6 Rxd2 38. b4 Bf6 39. Kf1 Rb2 40. a3
Rb1+ 41. Kg2 Rb2 42. Kf1 Rb1+ 43. Ke2 Rb2+ 44. Kf1 1/2-1/2

[Event "Tseshkovsky Mem 2014"]
[Site "Sochi RUS"]
[Date "2014.09.24"]
[Round "8.3"]
[White "Rozum, Ivan"]
[Black "Khalifman, Alexander"]
[Result "1/2-1/2"]
[WhiteTitle "GM"]
[BlackTitle "GM"]
[WhiteElo "2552"]
[BlackElo "2621"]
[WhiteFideId "24104272"]
[BlackFideId "4100115"]
[EventDate "2014.09.17"]

1. d4 Nf6 2. c4 c5 3. d5 b5 4. cxb5 a6 5. bxa6 g6 6. Nc3 Bg7 7. Nf3 O-O 8. e4
Qa5 9. Nd2 Bxa6 10. Be2 d6 11. O-O Nfd7 12. Nf3 Bxc3 13. bxc3 Qxc3 14. Bd2 Qb2
15. a4 Ne5 16. Nxe5 Qxe5 17. Re1 Nd7 18. Bxa6 Rxa6 19. a5 Qd4 20. Qc2 Ne5 21.
Ra4 Qd3 22. Qxd3 Nxd3 23. Rb1 Nb4 24. Bxb4 Rb8 25. g4 1/2-1/2

[Event "Tseshkovsky Mem 2014"]
[Site "Sochi RUS"]
[Date "2014.09.24"]
[Round "8.4"]
[White "Shaposhnikov, Evgeny"]
[Black "Bukavshin, Ivan"]
[Result "0-1"]
[WhiteTitle "GM"]
[BlackTitle "GM"]
[WhiteElo "2536"]
[BlackElo "2613"]
[WhiteFideId "4122232"]
[BlackFideId "4199758"]
[EventDate "2014.09.17"]

1. e4 c5 2. Nf3 e6 3. d4 cxd4 4. Nxd4 Nf6 5. Nc3 d6 6. Be3 a6 7. Be2 Qc7 8. g4
d5 9. exd5 Bb4 10. dxe6 Bxc3+ 11. bxc3 Qxc3+ 12. Kf1 fxe6 13. Bf3 O-O 14. Kg2
Qc7 15. g5 Nd5 16. Bxd5 exd5 17. h4 Nc6 18. Nxc6 Qxc6 19. Bd4 Rf4 20. f3 Bf5 21.
c3 Rf8 22. Qe1 Bg4 23. fxg4 Rxg4+ 24. Kh2 Re4 25. Qg3 Rff4 26. Bf2 Qd6 27. Kh3
Qe6+ 28. Kh2 Qe5 0-1

[Event "Tseshkovsky Mem 2014"]
[Site "Sochi RUS"]
[Date "2014.09.24"]
[Round "8.5"]
[White "Burmakin, Vladimir"]
[Black "Stupak, Kirill"]
[Result "1/2-1/2"]
[WhiteTitle "GM"]
[BlackTitle "GM"]
[WhiteElo "2584"]
[BlackElo "2524"]
[WhiteFideId "4105109"]
[BlackFideId "13503758"]
[EventDate "2014.09.17"]

1. d4 Nf6 2. c4 g6 3. Nf3 Bg7 4. g3 c5 5. d5 b5 6. cxb5 Qa5+ 7. Bd2 Qxb5 8. Nc3
Qb7 9. e4 d6 10. Be2 O-O 11. O-O Bg4 12. Rb1 Nbd7 13. Kg2 Nb6 14. h3 Bd7 15. b4
Rac8 16. a4 cxb4 17. Rxb4 Rxc3 18. Bxc3 Qc8 19. Bd4 Bxh3+ 20. Kg1 Bxf1 1/2-1/2

[Event "Tseshkovsky Mem 2014"]
[Site "Sochi RUS"]
[Date "2014.09.24"]
[Round "8.6"]
[White "Cherniaev, Alexander"]
[Black "Volkov, Sergey"]
[Result "1/2-1/2"]
[WhiteTitle "GM"]
[BlackTitle "GM"]
[WhiteElo "2458"]
[BlackElo "2583"]
[WhiteFideId "4117301"]
[BlackFideId "4122763"]
[EventDate "2014.09.17"]

1. d4 d5 2. Nf3 Nf6 3. g3 c5 4. Bg2 cxd4 5. O-O h6 6. b3 g6 7. Bb2 Bg7 8. Nxd4
O-O 9. Na3 e5 10. Nf3 e4 11. Nd4 Qe7 12. c4 Rd8 13. Qc1 Na6 14. cxd5 Nxd5 15.
Ndb5 Nf6 16. Nc4 Bg4 17. Re1 Nb4 18. Be5 Qd7 19. a4 Nc6 20. Bc3 Qe7 21. Qb2 Be6
22. Ne3 a6 23. Na3 Kh7 1/2-1/2

[Event "Tseshkovsky Mem 2014"]
[Site "Sochi RUS"]
[Date "2014.09.24"]
[Round "8.7"]
[White "Gorbatov, Alexej"]
[Black "Kotsur, Pavel"]
[Result "0-1"]
[WhiteTitle "IM"]
[BlackTitle "GM"]
[WhiteElo "2355"]
[BlackElo "2570"]
[WhiteFideId "4111834"]
[BlackFideId "13700278"]
[EventDate "2014.09.17"]

1. Nf3 Nf6 2. c4 e6 3. d4 d5 4. e3 c5 5. Nc3 a6 6. a3 dxc4 7. dxc5 Qxd1+ 8. Kxd1
Bxc5 9. Bxc4 Nbd7 10. b4 Be7 11. Bb2 O-O 12. Ke2 a5 13. b5 Nb6 14. Bd3 Bd7 15.
a4 Rfc8 16. Ne5 Be8 17. g4 Bd6 18. Ne4 Nxe4 19. Bxe4 Nxa4 20. Rhd1 Bxb5+ 21. Kf3
Bxe5 22. Bxe5 Nc5 23. Rdb1 Bc4 24. Bc3 a4 25. Rb6 a3 26. Bb4 Nxe4 27. Kxe4 a2
28. Kd4 Bd5 29. Kd3 Rc4 30. f3 Ra4 31. e4 Rcxb4 32. Rxb4 Rxb4 33. exd5 Ra4 34.
d6 Kf8 0-1

[Event "Tseshkovsky Mem 2014"]
[Site "Sochi RUS"]
[Date "2014.09.24"]
[Round "8.8"]
[White "Brodsky, Michail"]
[Black "Demidov, Mikhail"]
[Result "1/2-1/2"]
[WhiteTitle "GM"]
[BlackTitle "IM"]
[WhiteElo "2566"]
[BlackElo "2499"]
[WhiteFideId "14100932"]
[BlackFideId "4197143"]
[EventDate "2014.09.17"]

1. d4 d5 2. c4 c6 3. Nc3 dxc4 4. e4 b5 5. a4 b4 6. Nb1 Ba6 7. Qc2 Nf6 8. Nd2
Qxd4 9. Ngf3 b3 10. Nxd4 bxc2 11. f3 c3 12. bxc3 Bxf1 13. Kxf1 Na6 14. Nc4 Nd7
15. a5 e5 16. Nxc2 Bc5 17. Ke2 f6 18. Rd1 O-O-O 19. Nb4 Ndb8 20. Nd3 Be7 21. Be3
Rd7 22. Ncb2 Rhd8 23. Na4 Rb7 24. Rdb1 Rdd7 25. Rxb7 Rxb7 26. Kd2 1/2-1/2

[Event "Tseshkovsky Mem 2014"]
[Site "Sochi RUS"]
[Date "2014.09.24"]
[Round "8.10"]
[White "Nakhbayeva, Guliskhan"]
[Black "Aleksandrov, Aleksej"]
[Result "1-0"]
[WhiteTitle "WGM"]
[BlackTitle "GM"]
[WhiteElo "2331"]
[BlackElo "2596"]
[WhiteFideId "13704788"]
[BlackFideId "13500139"]
[EventDate "2014.09.17"]

1. d4 Nf6 2. c4 e6 3. Nf3 d5 4. Nc3 Nbd7 5. cxd5 exd5 6. Bg5 Bb4 7. e3 c5 8. Be2
Qa5 9. O-O Bxc3 10. bxc3 c4 11. Qc2 Ne4 12. Rfc1 Nxg5 13. Nxg5 Nf6 14. e4 h6 15.
Nf3 Nxe4 16. Bxc4 O-O 17. Bd3 Nd6 18. Ne5 Rd8 19. Rab1 Bd7 20. Bh7+ Kf8 21. Qd2
Be6 22. Re1 Rac8 1-0

[Event "Tseshkovsky Mem 2014"]
[Site "Sochi RUS"]
[Date "2014.09.24"]
[Round "8.11"]
[White "Strutinskaia, Galina"]
[Black "Ehlvest, Jaan"]
[Result "0-1"]
[WhiteTitle "WGM"]
[BlackTitle "GM"]
[WhiteElo "2317"]
[BlackElo "2553"]
[WhiteFideId "4108558"]
[BlackFideId "4500016"]
[EventDate "2014.09.17"]

1. d4 Nf6 2. Nf3 c5 3. e3 g6 4. Be2 Bg7 5. O-O cxd4 6. exd4 d5 7. c3 O-O 8. Ne5
Nfd7 9. Nd3 Nc6 10. Nd2 Nb6 11. Re1 Bf5 12. Nf1 Re8 13. Ng3 Bxd3 14. Bxd3 Rc8
15. Bf4 e6 16. a4 Nd7 17. Bb5 a6 18. Bf1 Na5 19. Ne2 Qb6 20. Rb1 Nf6 21. Ng3 Nc4
22. Bd3 Qc6 23. Nf1 Nh5 24. Bg5 h6 25. Bc1 Rcd8 26. Be2 Nf6 27. Ne3 e5 28. dxe5
Nxe5 29. Ra1 Ne4 30. Nc2 Qb6 31. Nd4 Nc6 32. a5 Nxa5 33. Be3 Qc7 34. Qc1 Be5 35.
h3 h5 36. Qd1 Nc6 37. Qa4 Ne7 38. Qb3 Bh2+ 39. Kh1 Bf4 40. Bxf4 Qxf4 41. f3 Ng3+
42. Kg1 Nc6 43. Bd3 Nxd4 44. cxd4 Qxd4+ 45. Kh2 h4 46. Rad1 Rxe1 47. Rxe1 b5 48.
Qc2 Qb6 49. Qd2 Qd6 50. Kg1 Qf6 51. Qb4 Nh5 52. Bf1 Nf4 53. Kh1 Kg7 54. Qd2 Rc8
55. b4 Rd8 0-1

[Event "Tseshkovsky Mem 2014"]
[Site "Sochi RUS"]
[Date "2014.09.24"]
[Round "8.12"]
[White "Travkina, Anastasia"]
[Black "Yakovich, Yuri"]
[Result "0-1"]
[WhiteTitle "WFM"]
[BlackTitle "GM"]
[WhiteElo "2208"]
[BlackElo "2524"]
[WhiteFideId "24129151"]
[BlackFideId "4100654"]
[EventDate "2014.09.17"]

1. e4 c5 2. Nf3 e6 3. d4 cxd4 4. Nxd4 a6 5. Nc3 d6 6. Be3 b5 7. Bd3 Bb7 8. O-O
Nf6 9. a3 Nbd7 10. f4 Rc8 11. Qf3 Be7 12. Rae1 O-O 13. Kh1 Nc5 14. Bg1 Nfd7 15.
Qh3 Bf6 16. Nde2 Re8 17. Rd1 g6 18. Bd4 Bxd4 19. Nxd4 e5 20. Nde2 Nf6 21. Ng3
exf4 22. Rxf4 Ne6 23. Rff1 Ng5 24. Qh4 Nfxe4 25. Ngxe4 Bxe4 26. Nxe4 Nxe4 27.
Qf4 f5 28. g4 Rc5 29. Rg1 Qa8 30. Rg2 fxg4 31. Bxe4 Qxe4 32. Qxe4 Rxe4 33. Rxd6
Re1+ 34. Rg1 Rxg1+ 35. Kxg1 Rxc2 36. b4 Kg7 37. Rxa6 h5 38. Rb6 Ra2 39. Rxb5
Rxa3 40. Kg2 Kh6 41. Rc5 Rb3 42. b5 h4 43. Rd5 Rb2+ 44. Kg1 g5 45. Rd6+ Kh5 46.
b6 h3 47. Rc6 Rb1+ 48. Kf2 Rh1 49. b7 Rxh2+ 50. Ke3 Rb2 51. Rc7 g3 0-1

[Event "Tseshkovsky Mem 2014"]
[Site "Sochi RUS"]
[Date "2014.09.24"]
[Round "8.13"]
[White "Simantsev, Mikhail"]
[Black "Shandrygin, Nikita"]
[Result "1/2-1/2"]
[WhiteTitle "GM"]
[WhiteElo "2443"]
[BlackElo "2124"]
[WhiteFideId "14104555"]
[BlackFideId "24198668"]
[EventDate "2014.09.17"]

1. d4 Nf6 2. c4 g6 3. f3 e6 4. e4 d5 5. e5 Nh5 6. Be3 c5 7. cxd5 exd5 8. Nc3 Nc6
9. Nge2 cxd4 10. Nxd4 Nxe5 11. Bb5+ Bd7 12. Nxd5 Bg7 13. O-O O-O 14. Qb3 Nc6 15.
Rfd1 Re8 16. Bf1 Na5 17. Qa3 Rc8 18. Nb3 Nc4 19. Bxc4 Rxc4 20. Qxa7 Bxb2 21.
Rab1 Be5 22. f4 Bb8 23. Qxb7 Bc6 24. Ne7+ Qxe7 25. Qxe7 Rxe7 26. Na5 Bxf4 27.
Bxf4 Rxf4 28. Nxc6 1/2-1/2

[Event "Tseshkovsky Mem 2014"]
[Site "Sochi RUS"]
[Date "2014.09.24"]
[Round "8.14"]
[White "Mednikov, Gennadiy"]
[Black "Lugovskoy, Maxim"]
[Result "0-1"]
[BlackTitle "IM"]
[WhiteElo "2117"]
[BlackElo "2390"]
[WhiteFideId "4150775"]
[BlackFideId "24126454"]
[EventDate "2014.09.17"]

1. d4 d5 2. Nf3 Nf6 3. Bf4 c5 4. e3 Nc6 5. Nc3 Bg4 6. Be2 Bxf3 7. Bxf3 cxd4 8.
exd4 e6 9. O-O Bd6 10. Bg5 h6 11. Bh4 O-O 12. Nb5 Be7 13. c3 Ne8 14. Bg3 a6 15.
Na3 Bd6 16. Nc2 Bxg3 17. hxg3 Nd6 18. Ne3 b5 19. a4 Qb6 20. axb5 axb5 21. Qb3
Ra6 22. Rxa6 Qxa6 23. Nc2 Qb6 24. Ra1 b4 25. Ra4 Nb5 26. Be2 Rb8 27. Bxb5 Qxb5
28. Nxb4 Qe2 29. Qc2 Qxc2 30. Nxc2 Rxb2 31. Ne3 Rb1+ 32. Kh2 Rc1 33. Ra8+ Kh7
34. Ra3 g5 35. g4 Kg6 0-1

[Event "Tseshkovsky Mem 2014"]
[Site "Sochi RUS"]
[Date "2014.09.24"]
[Round "8.15"]
[White "Dmitrenko, Viktor"]
[Black "Maksimov, Dmitri"]
[Result "1/2-1/2"]
[WhiteTitle "IM"]
[WhiteElo "2357"]
[BlackElo "2044"]
[WhiteFideId "14110270"]
[BlackFideId "24162477"]
[EventDate "2014.09.17"]

1. Nf3 Nf6 2. c4 e6 3. Nc3 d5 4. d4 Be7 5. cxd5 exd5 6. Bg5 O-O 7. Qc2 c6 8. e3
h6 9. Bf4 Be6 10. h3 a6 11. Bd3 Nbd7 12. O-O Rc8 13. Bf5 Bxf5 14. Qxf5 Re8 15.
Rad1 Nf8 16. Ne5 Bd6 17. Bh2 Qe7 18. a3 c5 19. Bg3 Qe6 20. Qxe6 fxe6 21. Rc1 c4
22. e4 Bxe5 23. dxe5 Nxe4 24. Nxe4 dxe4 25. Rfd1 Re7 26. Rd4 Rec7 1/2-1/2

[Event "Tseshkovsky Mem 2014"]
[Site "Sochi RUS"]
[Date "2014.09.24"]
[Round "8.16"]
[White "Dimitrijevic, Aleksandra"]
[Black "Landa, Konstantin"]
[Result "1-0"]
[WhiteTitle "WGM"]
[BlackTitle "GM"]
[WhiteElo "2281"]
[BlackElo "2670"]
[WhiteFideId "929239"]
[BlackFideId "4101685"]
[EventDate "2014.09.17"]

1. d4 Nf6 2. Nc3 e6 3. Bf4 Bb4 4. e3 Nd5 5. Ne2 Nxf4 6. exf4 b6 7. d5 O-O 8. a3
Bxc3+ 9. Nxc3 Qf6 10. Qf3 exd5 11. O-O-O c6 12. g4 Na6 13. h4 b5 14. g5 Qd6 15.
Bd3 Nc5 16. Bxh7+ Kxh7 17. f5 Kg8 18. h5 Ne6 19. fxe6 fxe6 20. Qd3 Qf4+ 21. Kb1
Qf5 22. Qg3 Qxf2 23. Qd6 Qf4 24. Qe7 Qf7 25. Qd6 b4 26. h6 bxc3 27. g6 Qf4 28.
Qc5 Ba6 29. hxg7 Rfe8 30. Qxc3 d4 31. Rxd4 Qf6 32. Rxd7 1-0

[Event "Tseshkovsky Mem 2014"]
[Site "Sochi RUS"]
[Date "2014.09.24"]
[Round "8.17"]
[White "Malaniuk, Vladimir P"]
[Black "Nedochetov, Mikhail"]
[Result "1-0"]
[WhiteTitle "GM"]
[BlackTitle "IM"]
[WhiteElo "2523"]
[BlackElo "2261"]
[WhiteFideId "14100177"]
[BlackFideId "4119673"]
[EventDate "2014.09.17"]

1. d4 d5 2. c4 c6 3. Nc3 Nf6 4. e3 g6 5. Nf3 Bg7 6. Be2 O-O 7. O-O dxc4 8. Bxc4
Bg4 9. Be2 Qb6 10. h3 Bxf3 11. Bxf3 Nbd7 12. Qc2 e5 13. dxe5 Nxe5 14. Be2 Rad8
15. e4 Qa5 16. Bd2 b5 17. Rfd1 b4 18. Na4 Nxe4 19. Qxe4 Qxa4 20. b3 f5 21. Qxb4
Qxb4 22. Bxb4 Rfe8 23. Kf1 Nd3 24. Bxd3 Rxd3 25. Rxd3 Bxa1 26. Rd7 Re4 27. Bc5
Bc3 28. Be3 a5 29. Rd3 Bb4 30. g3 Kf7 31. Ke2 Ke8 32. Kf3 Be7 33. a4 Bb4 34. g4
Re5 35. Rd1 Ke7 36. Rc1 Kd7 37. Rc4 Rd5 38. Ke2 Kd6 39. g5 Re5 40. Rd4+ Rd5 41.
Rh4 Re5 42. Kd3 Re7 43. Kc4 Kd7 44. Bb6 Rf7 45. Rd4+ Kc8 46. Bc5 f4 47. Bxb4
axb4 48. Rd6 Re7 49. Rxc6+ Kb7 50. Rf6 1-0

[Event "Tseshkovsky Mem 2014"]
[Site "Sochi RUS"]
[Date "2014.09.24"]
[Round "8.18"]
[White "Kalinin, Nikita"]
[Black "Bryzgalin, Kirill"]
[Result "0-1"]
[BlackTitle "GM"]
[WhiteElo "2149"]
[BlackElo "2448"]
[WhiteFideId "24155390"]
[BlackFideId "4133285"]
[EventDate "2014.09.17"]

1. e4 c5 2. Nf3 Nc6 3. d4 cxd4 4. Nxd4 Qc7 5. Nc3 e6 6. Be3 Nf6 7. f3 a6 8. Qd2
Ne5 9. O-O-O b5 10. Kb1 Bb7 11. g4 h6 12. Qf2 Rc8 13. Bd3 b4 14. Nce2 d5 15.
exd5 Nxd5 16. Bc1 Nxd3 17. cxd3 Bc5 18. Qg3 O-O 19. Qxc7 Rxc7 20. Rhf1 a5 21. f4
a4 22. Nc2 Rfc8 23. Ng3 Bb6 24. Ne1 a3 25. Bd2 axb2 26. Kxb2 Bd4+ 27. Kb1 b3 28.
axb3 Nc3+ 0-1

[Event "Tseshkovsky Mem 2014"]
[Site "Sochi RUS"]
[Date "2014.09.24"]
[Round "8.19"]
[White "Grishchenko, Sergey1"]
[Black "Dashko, Andrey"]
[Result "1-0"]
[WhiteTitle "IM"]
[WhiteElo "2448"]
[BlackElo "2302"]
[WhiteFideId "4136730"]
[BlackFideId "4131371"]
[EventDate "2014.09.17"]

1. d4 Nf6 2. c4 c6 3. Nc3 d5 4. cxd5 cxd5 5. Bf4 Nc6 6. e3 g6 7. h3 Qb6 8. Bd3
Bf5 9. Bxf5 gxf5 10. Nge2 Rg8 11. O-O e6 12. Rc1 Ne4 13. Na4 Qd8 14. f3 Ng5 15.
Kh1 f6 16. Qb3 Qd7 17. Nc5 Bxc5 18. Rxc5 Nf7 19. Bh2 Nfd8 20. Nf4 Rc8 21. Rfc1
b6 22. R5c2 Na5 23. Nh5 Rg6 24. Rxc8 Nxb3 25. axb3 Rh6 26. R1c7 1-0

[Event "Tseshkovsky Mem 2014"]
[Site "Sochi RUS"]
[Date "2014.09.24"]
[Round "8.20"]
[White "Tunik, Gennady"]
[Black "Smirnov, Timofey"]
[Result "1/2-1/2"]
[WhiteTitle "GM"]
[WhiteElo "2415"]
[BlackElo "2269"]
[WhiteFideId "4101219"]
[BlackFideId "24176427"]
[EventDate "2014.09.17"]

1. d4 Nf6 2. c4 e6 3. Nf3 d5 4. Nc3 Be7 5. Bf4 O-O 6. e3 b6 7. Be2 Bb7 8. O-O
Nbd7 9. h3 c5 10. dxc5 Nxc5 11. Rc1 Rc8 12. Ne5 dxc4 13. Bxc4 a6 14. a4 Qxd1 15.
Rfxd1 Rfd8 16. f3 Ncd7 17. Bf1 Nxe5 18. Bxe5 Nd7 19. Bg3 Nc5 20. Rxd8+ Bxd8 21.
Rb1 Bg5 22. Bf2 Nb3 23. Rd1 Rd8 24. Rxd8+ Bxd8 25. e4 Kf8 26. Be3 Ke7 27. Bc4
Nc5 28. Be2 Kd6 29. b4 Nd7 30. Nb1 Be7 31. Bf4+ e5 32. Bd2 Kc7 33. Bc4 f6 34.
Bb3 Nb8 35. Na3 Nc6 36. Nc2 a5 37. b5 Bc5+ 38. Kf1 Nb8 39. Ne3 Bf8 40. Bc2 Nd7
41. h4 Nc5 42. g4 Ne6 43. Bd1 Bc5 44. Nf5 Bc8 45. Bb3 g6 46. Ne3 Nd4 47. Nd5+
Kd6 48. Bd1 f5 49. Bh6 Ke6 50. g5 Bb7 51. Nf6 Be7 1/2-1/2

[Event "Tseshkovsky Mem 2014"]
[Site "Sochi RUS"]
[Date "2014.09.24"]
[Round "8.21"]
[White "Vastrukhin, Oleg"]
[Black "Bakunts, Rafael"]
[Result "1-0"]
[WhiteElo "2383"]
[BlackElo "2237"]
[WhiteFideId "4192770"]
[BlackFideId "13304097"]
[EventDate "2014.09.17"]

1. Nf3 Nf6 2. g3 d5 3. Bg2 c6 4. O-O Bg4 5. Ne5 Be6 6. d4 Nbd7 7. Bf4 g6 8. Nd2
Bg7 9. c4 O-O 10. Qb3 Qb6 11. e3 dxc4 12. Ndxc4 Qxb3 13. axb3 Nd5 14. Rfd1 Nxe5
15. Bxe5 f6 16. e4 Nb6 17. d5 Bg4 18. f3 Nxc4 19. bxc4 fxe5 20. fxg4 Bh6 21. Rd3
c5 22. h4 g5 23. h5 Rfc8 24. Bf3 a6 25. Rb3 Rc7 26. Rb6 Bg7 27. Ra3 Rd8 28. Bd1
Rd6 29. Rab3 Rdd7 30. Re6 Rd6 31. Rb6 Bf8 32. Ba4 Kf7 33. Kf1 h6 34. Be8+ Kg8
35. Ke2 Rd8 36. Bg6 Bg7 37. Kd3 Rf8 38. Bf5 Kf7 39. Rb3 Ra8 40. Reb6 Ra7 41. Kc2
Ke8 42. Kb1 Bf6 43. Re6 Kf7 44. Rbb6 Ra8 45. Ka2 Bg7 46. Ka3 Ra7 47. Ka4 Ra8 48.
Ka5 Kf8 49. Rb3 1-0

[Event "Tseshkovsky Mem 2014"]
[Site "Sochi RUS"]
[Date "2014.09.24"]
[Round "8.22"]
[White "Ivanov, Mikhail M"]
[Black "Kondenko, Alexey"]
[Result "1-0"]
[WhiteTitle "GM"]
[WhiteElo "2366"]
[BlackElo "2218"]
[WhiteFideId "4114906"]
[BlackFideId "4117255"]
[EventDate "2014.09.17"]

1. d4 Nf6 2. c4 g6 3. Nc3 Bg7 4. e4 d6 5. Nge2 Na6 6. Ng3 h5 7. h3 h4 8. Nge2 c6
9. Bg5 Qa5 10. Qd2 Be6 11. Ng1 Nb4 12. Nf3 d5 13. cxd5 cxd5 14. Bb5+ Kf8 15.
exd5 Nbxd5 16. Bd3 Nxc3 17. bxc3 Bd5 18. c4 Qxd2+ 19. Kxd2 Bxf3 20. gxf3 Rh5 21.
Be3 Ra5 22. Rhb1 b6 23. a4 Rd8 24. Ra3 Ne8 25. d5 e6 26. dxe6 Nd6 27. Ke2 fxe6
28. c5 Rxc5 29. Bxc5 bxc5 30. Bxg6 Ke7 31. Rab3 Rh8 32. Rb8 Rh6 33. Bc2 Bd4 34.
Rd1 e5 35. Rg1 c4 36. Rg7+ Ke6 37. Rg6+ Rxg6 38. Bxg6 Kf6 39. Be4 Nf7 40. Bb7 c3
41. Rc8 Nd6 42. Rc6 Ke7 43. Bc8 Ne8 44. Bf5 Nf6 45. Kd3 Nd5 46. Kc4 Nf4 47. Kb3
Nd5 48. a5 Nf4 49. Rh6 Bxf2 50. Kxc3 Nd5+ 51. Kb3 Nf6 52. Kc4 Bg3 53. Kb5 Bf2
54. Ka6 Kf7 55. Rh8 Nd5 56. Rh7+ Kf6 57. Be4 Nf4 58. Rxa7 Bxa7 59. Kxa7 Nxh3 60.
f4 Nf2 61. fxe5+ Kxe5 62. Bg2 1-0